Ebih-Il /

محفوظ في:

المؤلف الرئيسي: Cluzan, Sophie (مؤلف)

مؤلف مشترك: Musée du Louvre. Département des antiquités orientales.

مؤلفون آخرون: Lecompte, Camille.

التنسيق: كتاب

اللغة: French

منشور في: Paris : Louvre éditions : Somogy, c2011.

سلاسل: Collection Solo ; 48.

الموضوعات:

الوسوم: إضافة وسم

لا توجد وسوم, كن أول من يضع وسما على هذه التسجيلة!

رقم الطلب: NB80 .C58 2011

LEADER 01133namaa2200349 4500
001 25362
003 OSt
005 20250911070333.0
008 130303s2011 fr ab b 000 0 fre d
020 |a 9782757205099 
035 |a OCLC # 775063869 
040 |c ARCE Library 
043 |a a-sy--- 
050 4 |a NB80 .C58 2011 
100 1 |a Cluzan, Sophie,   |e author  |9 28148 
245 1 0 |a Ebih-Il /   |c Sophie Cluzan, Camillle Lecompte.  
264 1 |a Paris :   |b Louvre éditions :   |b Somogy,   |c c2011. 
300 |a 63 pages :   |b illustrations (some color), maps ;   |c 22 cm.  
490 1 |a Collection Solo ;   |v 48. 
500 |a "Louvre"--Cover. 
504 |a Includes bibliographical references (p. 62-63). 
650 0 |a Sculpture, Assyro-Babylonian. 
650 0 |a Sculpture, Ancient  |z Syria  |z Mari (Extinct City) 
650 0 |a Extinct cities  |z Syria. 
651 0 |a Syria  |x Antiquities. 
651 0 |a Mari (Extinct city) 
700 1 |a Lecompte, Camille.   |9 34573 
710 2 |a Musée du Louvre.   |b Département des antiquités orientales. 
830 0 |a Collection Solo ;   |v 48. 
901 |a reviewed 
942 |c BK  |2 lcc 
999 |c 23791  |d 23791